LEADER 01601nam a2200337 a 4500 001 000000147998 003 CaOOAMICUS 005 20160114160716.0 008 151209s2015 it u000 u ita r 020 $a978-88-58204665* 032 $aLibriCat 040 $aPUL$bita 082 04$a347.45 245 03$aIl procedimento ordinario di cognizione : $bil primo grado di giudizio davanti al tribunale /$ca cura di Francesco Antonio Genovese, Chiara Risolo. 260 $aRoma :$bDike Giuridica Editrice,$cİ2015. 300 $aXIV, 597 p. ;$c24 cm+$e1 Cd-rom 490 1 $aManuali operativi di diritto processuale civile 500 $aSulla cop.: CD con giurisprudenza e formule. 504 $aBibliografia in nota. 650 4$aProcedura civile$zItalia.$0(OLS)http://pul/subject/14566 700 1 $aGenovese, Francesco Antonio.$0(OLS)http://pul/name/68142 700 1 $aRisolo, Chiara.$0(OLS)http://pul/name/94533 830 0$aManuali operativi di diritto processuale civile.$0(OLS)http://pul/title/186744 850 $aPUL 852 $aPUL$W1$xSL Diritto e Scienze Sociali 3$y79$m347. 45 GENFR 1$j170787$qDDC 21$B171817$CPULBib$Z2$F171817 $H126590 $81 941 1 $a9 996 $6020$a978-88-58204665*$9(OLS)http://pul/number/159212 996 $6082$a347.45$9(OLS)http://pul/classification/384 996 $6245$aIl procedimento ordinario di cognizione : $bil primo grado di giudizio davanti al tribunale$9(OLS)http://pul/title/186743 996 $6260$aRoma :$bDike Giuridica Editrice$9(OLS)http://pul/publisher/80046 LEADER 01524nam a2200337 a 4500 001 000000127311 003 CaOOAMICUS 005 20120124135157.0 008 120124s2011 it u000 u ita r 020 $a978-88-13-31182-7 040 $aPUL$bita 082 04$a346.45 100 1 $aIrrera, Maurizio.$0(OLS)http://pul/name/79922 245 12$aL'assicurazione: l'impresa e il contratto /$cMaurizio Irrera ; con la collaborazione di Elena Fregonara e Marina Spiotta ; introduzione di Gastone Cottino. 260 $aPadova :$bCEDAM,$c2011. 300 $aXXVI, 482 p. ;$c25 cm. 490 1 $aTrattato di diritto commerciale ;$v10 504 $aBibliografia in nota. 650 4$aAssicurazioni$zItalia$xDiritto.$0(OLS)http://pul/subject/27569 700 1 $aFregonara, Elena.$0(OLS)http://pul/name/81192 700 1 $aSpiotta, Marina.$0(OLS)http://pul/name/67523 700 1 $aCottino, Gastone,$d1925-2024.$0(OLS)http://pul/name/34660 830 0$aTrattato di diritto commerciale ;$v10.$0(OLS)http://pul/title/144488 850 $aPUL 852 $aPUL$W1$xSL Diritto e Scienze Sociali 3$y79$m346. 45 COTGA 1.10$j147258$qDDC 21$B145922$CPULBib$Z2$F145922 $H118241 $82 941 1 $a9 996 $6020$a978-88-13-31182-7$9(OLS)http://pul/number/148649 996 $6082$a346.45$9(OLS)http://pul/classification/372 996 $6245$aL'assicurazione: l'impresa e il contratto$9(OLS)http://pul/title/160850 996 $6260$aPadova :$bCEDAM$9(OLS)http://pul/publisher/48126